| 000 | 01164nam a2200325 4500 | ||
|---|---|---|---|
| 001 | 148 | ||
| 003 | OSt | ||
| 005 | 20250528074013.0 | ||
| 008 | 250128b |||||||g |||| 00| 1 eng d | ||
| 040 | _bpor | ||
| 041 |
_heng _apor |
||
| 082 |
_a823 _bC555pu |
||
| 100 | 1 |
_aChristie, Agatha, _d1890-1976 _9268 |
|
| 240 | _aOrdeal by innocence | ||
| 245 |
_aPunição para a inocência / _cChristie, Agatha ; Tradução de Barbara Heliodora |
||
| 260 |
_aRio de Janeiro _bNova Fronteira _c1977 |
||
| 300 | _a260 p. | ||
| 520 | _aEnquanto cumpria a pena pelo assassinato de sua mãe - um crime de que se dizia inocente - Jacko Argyle morre na prisão. Dois anos depois, surge um homem que possui um álibi para inocentar Jacko e fazer lembrar a todos que o crime ainda é parte daquela desgraçada família. | ||
| 650 | 0 |
_aLiteratura Inglesa _989 |
|
| 650 | 0 |
_aRomance Policial _911 |
|
| 650 | 0 |
_aSuspense _910 |
|
| 650 | 0 |
_aMistério _942 |
|
| 650 | 0 |
_aCrime e Investigação _913 |
|
| 650 | 0 |
_aClássicos _977 |
|
| 650 | 0 |
_aFilme _926 |
|
| 655 | 0 |
_aRomance _923 |
|
| 655 | 0 |
_aFicção _922 |
|
| 700 |
_aBarbara Heliodora _eTradutor _9289 |
||
| 942 |
_2ddc _n0 _cBK |
||
| 999 |
_c148 _d148 |
||